000 01066nam a2200217 a 4500
001 000029939
003 OSt
005 20240229073937.0
008 110324t1949 dr 000 0 spa d
040 _aDO-SdBNP
_bspa
_cBNPHU
082 4 _a972.93053
_bT866m, 1948
_222
100 1 _aTrujillo Molina, Rafael Leónidas,
_d 1891-1961
_976764
245 1 0 _aMensaje depositado el 27 de febrero de 1949 en el Congreso Nacional por el Presidente de la República Dominicana generalísimo Dr. Rafael Leónidas Trujillo Molina para darle cuenta de su gestión durante el año 1948 /
_cRafael Leónidas Trujillo Molina.
260 _aCiudad Trujillo, República Dominicana :
_bDel Caribe,
_c1949.
300 _a101 p. ;
_c24 cm.
650 4 _aDiscursos presidenciales
_910061
651 4 _aRepública Dominicana
_xHistoria
_yEra de Trujillo, 1930-1961
_930520
_vEnsayos, conferencias, etc.
651 4 _aRepública Dominicana
_xPolítica Y Gobierno
_yEra de Trujillo, 1930-1961
_930546
_vEnsayos, conferencias,etc.
910 _aValidado. Control de calidad EMS.
942 _2ddc
_cLBS1
999 _c29431
_d29431